CIN Properties Ltd v Gill (Record no. 45223)

MARC details
000 -LEADER
fixed length control field 01527cab a2200229 4500
001 - CONTROL NUMBER
control field ABS49520
008 - FIXED-LENGTH DATA ELEMENTS--GENERAL INFORMATION
fixed length control field 090401t1993 xxu||||| |||| 00| 0 eng d
035 ## - SYSTEM CONTROL NUMBER
System control number (Sirsi) u71682
041 ## - LANGUAGE CODE
Language code of text/sound track or separate title eng
245 ## - TITLE STATEMENT
Title CIN Properties Ltd v Gill
260 ## - PUBLICATION, DISTRIBUTION, ETC.
Date of publication, distribution, etc. 1993
350 ## - PRICE (NR) (BK AM CF MU VM SE) [OBSOLETE]
Price 0
490 ## - SERIES STATEMENT
Series statement Estates Gazette
Volume/sequential designation (1993) 38 EG 152-154(3)
520 ## - SUMMARY, ETC.
Summary, etc. QBD 7 December 1992, The plaintiff landlords, C, let a flat in a building they owned to the defendant, G, for a period of 28 years. The lease contained a covenant not to assign without the landlords consent which would not be unreasonably withheld. In February 1989 G put the lease up for sale at auction and it was acquired by another company, A. They then applied to C for their consent but this was refused. By early 1989 the rent was in arrears and C issued three writs. In the first two of these actions G counterclaimed under Landlord and Tenant Act 1988 for damages for breach of the landlords duty not to withhold consent to assignment. Before the third hearing C applied to have A wound up and to present its accounts in court. This was not allowed. C appealed and this was dismissed on the grounds that a landlord cannot rely on matters which did not influence him when he refused consent therefore later accounts were not relevant.
650 ## - SUBJECT ADDED ENTRY--TOPICAL TERM
Topical term or geographic name entry element CONSENT TO ASSIGN
650 ## - SUBJECT ADDED ENTRY--TOPICAL TERM
Topical term or geographic name entry element LANDLORD AND TENANT ACT 1988
650 ## - SUBJECT ADDED ENTRY--TOPICAL TERM
Topical term or geographic name entry element MATERIAL DATE
650 ## - SUBJECT ADDED ENTRY--TOPICAL TERM
Topical term or geographic name entry element RENT ARREARS
690 ## - LOCAL SUBJECT ADDED ENTRY--TOPICAL TERM (OCLC, RLIN)
Topical term or geographic name as entry element LANDLORD AND TENANT-CASE LAW-RESIDENTIAL TENANCIES
942 ## - ADDED ENTRY ELEMENTS (KOHA)
Suppress in OPAC 0
948 ## - LOCAL PROCESSING INFORMATION (OCLC); SERIES PART DESIGNATOR (RLIN)
c (OCLC) 04/03/1997
Holdings
Withdrawn status Lost status Source of classification or shelving scheme Damaged status Not for loan Home library Current library Shelving location Date acquired Total Checkouts Full call number Barcode Date last seen Copy number Price effective from Koha item type
    Dewey Decimal Classification     London London Journal article 14/09/1999   ABS49520 71682-1001 06/08/2019 1 06/08/2019 Law report